Paris Saint-Germain 2020's Starting XI - Statistics

General Stats
  • This quiz has been taken 8,913 times
    3,402 since last reset
  • The average score is 25 of 33
Answer Stats
Player % Correct
Achraf Hakimi
99%
Gianluigi Donnarumma
99%
Kylian Mbappé
97%
Marquinhos
97%
Keylor Navas
96%
Neymar
96%
Lionel Messi
94%
Ousmane Dembélé
94%
Vitinha
92%
Nuno Mendes
91%
Marco Verratti
89%
Fabián Ruiz
87%
Willian Pacho
87%
Bradley Barcola
85%
João Neves
85%
Lee Kang-in
79%
Ángel Di María
78%
Idrissa Gueye
74%
Thiago Silva
74%
Presnel Kimpembe
71%
Thomas Meunier
69%
Manuel Ugarte
68%
Sergio Ramos
67%
Warren Zaire-Emery
65%
Mauro Icardi
64%
Leandro Paredes
58%
Juan Bernat
57%
Danilo Pereira
55%
Lucas Beraldo
55%
Lucas Hernández
52%
Moise Kean
44%
Alessandro Florenzi
43%
Abdou Diallo
32%
No matching quizzes found
Score Distribution
Percent of People with Each Score
Percentile by Number Answered
Your Score History
You have not taken this quiz since the last reset